00625nam a2200193Ia 4500008004100000020001500041082001600056100001700072245004600089250000800135260004600143300002800189500001900217600002700236650001500263942000700278952013100285999001500416240925s9999 xx 000 0 und d a8120327594 a621.395 WOL aWolf , Wayne 0aModern VLSI Design: system-on-chip design a3rd aNew Delhi:bPearson Printice Hallc,2002. axxi,787p.bNAfOriginal aIncludes Index aElectronic Engineering aTechnology cBK 001040708ELaUITUbUITUd2008-05-02eRoyal Book Companyg592.02l0o621.395 WOLpQ7487r2024-09-25 07:14:37w2024-09-25yBK c9986d9986